000 00572nam a2200193 a 4500
001 0084
005 20140414131916.0
008 040728s19uu xx 00 eng d
020 _a0-590-84307-9
050 _aER
_bL72 1992
100 _ade Beer, Hans
245 _aLittle Polar bear and the brave little hare /
_cwritten and illustrated by Hans de Beer ; translated by J. Alison James.
260 _aNew York :
_bScholastic,
_c1992.
300 _a45 p. : ill.
650 _aFriendship
_xFiction.
650 _aChildren stories.
999 _c111509
_d111509